00546nam a22001337a 4500008004100000040005500041080001600096100001700112245015000129260004800279300001700327650003500344653003300379230331b |||||||| |||| 00| 0 eng d aNational Science LibrarycNational Science Library aD 778.6bK7 aYule, J A C  aPrinciples of color reproduction: bApplied to photomechanical reproduction, color photography, and the ink, paper, and other related industries  aNew York: bJohn Wiley & Sons, Inc., c1967 axiii, 411p.  aColor reproduction principles  aPhotomechnical reproduction